Evaluación de proyectos sociales (Registro nro. 9492)
[ vista simple ]
| 000 -LEADER | |
|---|---|
| fixed length control field | 01456nam a2200217Ia 4500 |
| 005 - FECHA Y HORA DE LA ÚLTIMA TRANSACCIÓN | |
| control field | 20241021142301.0 |
| 008 - FIXED-LENGTH DATA ELEMENTS--GENERAL INFORMATION | |
| fixed length control field | 230921s9999 xx 000 0 und d |
| 020 ## - INTERNATIONAL STANDARD BOOK NUMBER | |
| International Standard Book Number | 9506940185 |
| 040 ## - CATALOGING SOURCE | |
| Original cataloging agency | UPAN |
| Transcribing agency | Biblioteca San Vicente |
| Description conventions | RCAA2 |
| 041 ## - LANGUAGE CODE | |
| Language code of text/sound track or separate title | spa |
| 082 ## - DEWEY DECIMAL CLASSIFICATION NUMBER | |
| Classification number | 300 |
| Item number | C678e |
| año de publicación | 1988 |
| 100 ## - MAIN ENTRY--PERSONAL NAME | |
| Personal name | Cohen, Ernesto |
| Relator code | aut. |
| 245 #0 - TITLE STATEMENT | |
| Title | Evaluación de proyectos sociales |
| 250 ## - EDITION STATEMENT | |
| Edition statement | 1° ed. |
| 260 ## - PUBLICATION, DISTRIBUTION, ETC. (IMPRINT) | |
| Place of publication, distribution, etc | Argentina: |
| Name of publisher, distributor, etc | Latinoamericano, |
| Date of publication, distribution, etc | 1988 |
| 300 ## - PHYSICAL DESCRIPTION | |
| Extent | 341 p.; |
| Dimensions | 22 cm. |
| 505 ## - FORMATTED CONTENTS NOTE | |
| Formatted contents note | Capítulo 1: Crisis, racionalidad, y evaluación. <br/>Capítulo 2: Captación y asignación de recursos en la política social. <br/>Capítulo 3: Actores sociales y racionalidades involucrados en la política social y en la evaluación. <br/>Capítulo 4: Evaluación, Concepto y especificidad. <br/>Capítulo 5: El lenguaje de los proyectos. <br/>Capítulo 6: Tipos de evaluación. <br/>Capítulo 7: modelos para la evaluación de impactos. <br/>Capítulo 8: Elementos de metodología de la investigación utilizada en la evaluación. <br/>Capítulo 9: De los objetivos a los indicadores de la evaluación. <br/>Capítulo 10: La medición de la eficiencia <br/>A. Análisis costo-beneficio (ACB) <br/>Capítulo 11: Análisis. costo-efectividad (ACE) <br/>Capítulo 12: Una forma alternativa de evaluación: Los sistemas de indicadores sociales. <br/>Capítulo 13: Evaluación de la evaluación. |
| 650 ## - SUBJECT ADDED ENTRY--TOPICAL TERM | |
| Source of heading or term | LEMB |
| General subdivision | Evaluación de proyectos |
| 700 ## - ADDED ENTRY--PERSONAL NAME | |
| Personal name | Rolando Franco |
| Relator code | col. |
| 942 ## - ADDED ENTRY ELEMENTS (KOHA) | |
| Koha item type | Libros |
| Source of classification or shelving scheme | Dewey Decimal Classification |
| Withdrawn status | Lost status | Source of classification or shelving scheme | Damaged status | Not for loan | Collection code | Home library | Current library | Date acquired | Total Checkouts | Full call number | Barcode | Date last seen | Copy number | Price effective from | Koha item type |
|---|---|---|---|---|---|---|---|---|---|---|---|---|---|---|---|
| Dewey Decimal Classification | Colección General | Biblioteca UPAN San Vicente | Biblioteca UPAN San Vicente | 21/09/2023 | 300 C678e | 12000190 | 21/09/2023 | 01 | 21/09/2023 | Libros | |||||
| Dewey Decimal Classification | Colección General | Biblioteca UPAN San Vicente | Biblioteca UPAN San Vicente | 21/09/2023 | 300 C678e | 12000189 | 26/09/2023 | 02 | 21/09/2023 | Libros |